000 01647cam a2200337 a 4500
999 _c30386
_d30386
001 16880509
003 OSt
005 20210603082306.0
008 110720s2012 enk b 001 0 eng
010 _a 2011030488
015 _aGBB1B0451
_2bnb
016 7 _a015894778
_2Uk
020 _a9780521769822 (hbk.)
020 _a0521769825 (hbk.)
035 _a(OCoLC)ocn743040373
040 _aDLC
_beng
_cDLC
_dYDX
_dBTCTA
_dYDXCP
_dCLU
_dUKMGB
_dBWX
_dDLC
042 _apcc
050 0 0 _aK236
_b.B47 2012
082 0 0 _a340.9
_223
100 1 _aBerman, Paul Schiff.
245 1 0 _aGlobal legal pluralism :
_ba jurisprudence of law beyond borders /
_cPaul Schiff Berman.
260 _aCambridge ;
_aNew York :
_bCambridge University Press,
_c2012.
300 _axii, 344 p. ;
_c24 cm.
504 _aIncludes bibliographical references (p. xi-xii) and index.
505 0 _aContents: Introduction -- A world of legal conflicts -- The limits of sovereigntist territoriality -- Universalism and its discontents -- Towards a cosmopolitan pluralist jurisprudence -- Procedural mechanisms, institutional designs, and discursive practices for managing pluralism -- The changing terrain of jurisdiction -- A cosmopolitan pluralist approach to choice of law -- Recognition of judgments and the legal negotiation of difference -- Conclusion.
650 0 _aLegal polycentricity.
650 0 _aLaw and globalization.
906 _a7
_bcbc
_corignew
_d1
_eecip
_f20
_gy-gencatlg
942 _2ddc
_cBK